000 00280nam a2200097 a 4500
005 20200930070505.0
008 110908s1785 000 spa d
245 0 _aVidas de los varones ilustres, que escribio en latín Cornelio Nepote.
260 _aMadrid,
_c1785.
999 _c33240
_d33240
040 _aDO-SdBNP